=LDR 00000nam 2200000 4500 =001 INLIS000000000052721 =005 20180226103929 =035 ##$$a 0010-0218000417 =007 ta =008 180226###########################0###### =020 ##$$a 978-602-425-165-9 =082 ##$$a 577.14 =084 ##$$a 577.14 MAN k =100 #$$a Manihar Situmorang =245 1#$$a Kimia Lingkungan /$c Manihar Situmorang =250 ##$$a cet.1 =260 ##$$a Jakarta :$b Rajawali Pers,$c 2017 =300 ##$$a 192 hlm : $b ilus ; $c 23 cm =500 ##$$a Index : hlm. 327-334 =500 ##$$a Biografi : hlm. 335-336 =650 ##$$a Kimia Ekologis =504 ##$$a Bibliografi : hlm. 193-198 =990 ##$$a 48214821 =990 ##$$a 48214821 =990 ##$$a 48214821 =990 ##$$a 48214821 =990 ##$$a 48214821 =990 ##$$a 21709956 =990 ##$$a 01201804821 =990 ##$$a 01201804822 =990 ##$$a 01201804823 =990 ##$$a 01201804824 =990 ##$$a 21709957 =990 ##$$a 01201804821 =990 ##$$a 01201804822 =990 ##$$a 01201804823 =990 ##$$a 21709956 =990 ##$$a 21709958 =990 ##$$a 01201804821 =990 ##$$a 01201804822 =990 ##$$a 21709957 =990 ##$$a 21709956 =990 ##$$a 21709959 =990 ##$$a 01201804821 =990 ##$$a 21709958 =990 ##$$a 21709957 =990 ##$$a 21709956 =990 ##$$a 21709959 =990 ##$$a 01201804821 =990 ##$$a 21709958 =990 ##$$a 21709957 =990 ##$$a 21709956 =990 ##$$a 21709956 =990 ##$$a 01201804821 =990 ##$$a 21709959 =990 ##$$a 21709958 =990 ##$$a 21709957 =990 ##$$a 21709957 =990 ##$$a 01201804821 =990 ##$$a 21709959 =990 ##$$a 21709958 =990 ##$$a 21709956 =990 ##$$a 21709958 =990 ##$$a 01201804821 =990 ##$$a 21709959 =990 ##$$a 21709957 =990 ##$$a 21709956 =990 ##$$a 21709958 =990 ##$$a 01201804821 =990 ##$$a 21709959 =990 ##$$a 21709957 =990 ##$$a 21709956 =990 ##$$a 21709959 =990 ##$$a 01201804821 =990 ##$$a 21709958 =990 ##$$a 21709957 =990 ##$$a 21709956 =990 ##$$a 21709960 =990 ##$$a 21709959 =990 ##$$a 21709958 =990 ##$$a 21709957 =990 ##$$a 21709956